000 00762nam a2200277Ia 4500
003 OSt
005 20220912150309.0
006 a|||||r|||| 00| 0
007 ta
008 220909b |||||||| |||| 00| 0 eng d
024 _a52743
037 _cTextual
040 _aCSL
_beng
_cCSL
041 _aeng
082 _aJ385:6, L6
100 _aJugenheimer Robert W
245 0 _aCorn: Improvement seed production and uses
260 _aNew York
_b John Wiley
_c1976
300 _axvii, 670p.
_ccm.
500 _aAppendix 517-534p.
_ccm.; Bibliography 535-648p.
_ccm.
650 _a Corn
650 _a Seed production
650 _aAgriculture
942 _hJ385:6, L6
_cTEXL
_2CC
999 _c44296
_d44296